[Event "C.to Provinciale Torino"]
[Site "Torino ITA"]
[Date "2015.01.29"]
[Round "1"]
[White "Castelli, Giovanni J."]
[Black "Teofilatto, Stefano"]
[WhiteElo "1950"]
[BlackElo "1669"]
[Result "1-0"]
[PlyCount "115"]
[EventDate "2015.01.29"]

1. e4 d6 2. d4 g6 3. Nc3 Bg7 4. f4 e5 5. Nf3 Nd7 6. Be2 exd4 7. Nxd4 Ngf6 8.
O-O O-O 9. Nb3 Re8 10. Bf3 Rb8 11. a4 b6 12. Qd3 Bb7 13. Re1 Nc5 14. Nxc5 bxc5
15. Bd2 Nd7 16. Rad1 h5 17. b3 h4 18. Bg4 Nf6 19. Bh3 Nd7 20. Kh1 a6 21. a5 Nf8
22. Qc4 Ne6 23. Nd5 Nd4 24. b4 Bxd5 25. exd5 cxb4 26. Bxb4 Nxc2 27. Qxc2 Rxb4
28. Qc6 Rxe1+ 29. Rxe1 Qf6 30. Qxa6 Ra4 31. Rf1 Ra1 32. g3 hxg3 33. hxg3 Qc3
34. Kg2 Rxa5 35. Qc6 Rc5 36. Qa4 Kh7 37. Rf2 Bd4 38. Re2 Qc1 39. Kf3 Qc3+ 40.
Kg2 Qa1 41. Qxa1 Bxa1 42. Re7 Kg7 43. Be6 Rc2+ 44. Kf3 Rc3+ 45. Kf2 Rc2+ 46.
Kf3 Rc3+ 47. Kg4 c6 48. dxc6 Rxc6 49. Rxf7+ Kh6 50. Rd7 Ra6 51. Bg8 g5 52. Rh7+
Kg6 53. f5+ Kf6 54. Rh6+ Kg7 55. Rg6+ Kf8 56. Kxg5 Be5 57. g4 Ra7 58. Be6 1-0

[Event "C.to Provinciale Torino"]
[Site "Torino ITA"]
[Date "2015.01.29"]
[Round "1"]
[White "D'india, Bruno"]
[Black "Leoni, Alessandro"]
[WhiteElo "1652"]
[BlackElo "1908"]
[Result "0-1"]
[PlyCount "126"]
[EventDate "2015.01.29"]

1. e4 c5 2. Nf3 a6 3. d4 cxd4 4. Nxd4 Nf6 5. Qd3 e5 6. Nb3 Nc6 7. c4 Nb4 8. Qe2
Qc7 9. a3 Nc6 10. Nc3 d6 11. Nd5 Nxd5 12. cxd5 Ne7 13. Qd3 f5 14. f3 Bd7 15.
Be2 f4 16. Qc3 Qb6 17. Nd2 Rc8 18. Nc4 Qc5 19. b4 Qc7 20. Qd2 Bb5 21. Na5 Bxe2
22. Kxe2 b6 23. Nb3 Ng6 24. Ra2 Be7 25. Qd3 Qc4 26. Qxc4 Rxc4 27. Bd2 Kd7 28.
Rc1 Rhc8 29. Rxc4 Rxc4 30. Kd3 Rc8 31. g3 Rf8 32. Ke2 h5 33. Ra1 h4 34. gxf4
Nxf4+ 35. Bxf4 Rxf4 36. Rg1 g5 37. Rg4 Rf8 38. a4 Rc8 39. Kd3 Bf6 40. h3 b5 41.
Rg1 Rc4 42. Rb1 Rxb4 43. axb5 Rxb5 44. Kc4 Kc7 45. Ra1 Kb6 46. Ra4 a5 47. Kc3
Bd8 48. Kc4 Ka6 49. Kc3 Bb6 50. Kc2 Rb4 51. Rxb4 axb4 52. Kd3 Kb5 53. Kc2 Kc4
54. Nd2+ Kd4 55. Kb3 Bc5 56. Kc2 Ke3 57. Kd1 Kf2 58. Nf1 Kg2 59. Ke2 Kxh3 60.
Nd2 Kg2 61. Nc4 h3 62. Ne3+ Bxe3 63. Kxe3 h2 0-1

[Event "C.to Provinciale Torino"]
[Site "Torino ITA"]
[Date "2015.01.29"]
[Round "1"]
[White "De Renzi, Giuseppe"]
[Black "Baruffa, Marino"]
[WhiteElo "1571"]
[BlackElo "1889"]
[Result "1-0"]
[PlyCount "73"]
[EventDate "2015.01.29"]

1. Nf3 Nf6 2. d4 g6 3. c4 Bg7 4. g3 O-O 5. Bg2 d5 6. Nc3 Nc6 7. O-O Bg4 8. Qb3
Bxf3 9. exf3 Nxd4 10. Qxb7 dxc4 11. Bf4 Ne6 12. Rfd1 Qc8 13. Qxc8 Raxc8 14. Be5
Rfd8 15. Rxd8+ Rxd8 16. Rd1 Rb8 17. Bf1 Rxb2 18. Bxc4 Ne8 19. Bxg7 N8xg7 20.
Bb3 h5 21. Kf1 Nc5 22. Rd8+ Kh7 23. Bxf7 Rc2 24. Ne4 Nb7 25. Rd7 Nf5 26. Ng5+
Kg7 27. Bb3 Rc1+ 28. Kg2 Nfd6 29. h4 Kf6 30. Nh7+ Ke5 31. Rxe7+ Kd4 32. Ng5 Nc5
33. Ne6+ Nxe6 34. Rxe6 Nb5 35. Rxg6 c5 36. Rg5 a6 37. Rd5+ 1-0

[Event "C.to Provinciale Torino"]
[Site "Torino ITA"]
[Date "2015.01.29"]
[Round "1"]
[White "Faraoni, Enrico"]
[Black "Plenzick, Angelo"]
[WhiteElo "2093"]
[BlackElo "1725"]
[Result "1-0"]
[PlyCount "39"]
[EventDate "2015.01.29"]

1. e4 c6 2. d4 d5 3. e5 Bf5 4. Nc3 e6 5. g4 Bg6 6. Nge2 c5 7. Be3 Qb6 8. Bg2
Nc6 9. O-O Nb4 10. dxc5 Bxc5 11. Na4 Qb5 12. Nec3 Qc4 13. b3 Bxc2 14. bxc4 Bxd1
15. Bxc5 Bxa4 16. Bxb4 Bc2 17. cxd5 a5 18. Bd6 Rc8 19. Nb5 Bd3 20. Nc7+ 1-0

[Event "C.to Provinciale Torino"]
[Site "Torino ITA"]
[Date "2015.01.29"]
[Round "1"]
[White "Fassio, Francesco"]
[Black "Di Chiara, Mauro"]
[WhiteElo "1690"]
[BlackElo "1976"]
[Result "0-1"]
[PlyCount "134"]
[EventDate "2015.01.29"]

1. Nf3 c5 2. c4 Nf6 3. Nc3 g6 4. g3 Bg7 5. Bg2 O-O 6. O-O Nc6 7. d3 d5 8. cxd5
Nxd5 9. Bd2 e5 10. Nxd5 Qxd5 11. Bc3 Qd6 12. Qd2 h6 13. Rfd1 Be6 14. Ne1 Rab8
15. Nc2 b5 16. b4 Rfd8 17. bxc5 Qxc5 18. Nb4 Nxb4 19. Bxb4 Qd4 20. Bc3 Qd6 21.
Bb4 Qd7 22. Ba5 Rdc8 23. Rdc1 Bd5 24. Bc3 Bxg2 25. Kxg2 Qd5+ 26. f3 Bf8 27. Qb2
f6 28. a3 Bc5 29. Qd2 Kg7 30. Ra2 Bb6 31. Rac2 Rc6 32. Ba5 Rxc2 33. Rxc2 Qd4
34. Bxb6 Qxb6 35. Qc1 Rb7 36. Rc6 Qd8 37. Qc5 Qe7 38. Qc3 g5 39. g4 Qd7 40. Qc5
Qe7 41. Qc3 Qf7 42. Qc2 a5 43. Rc8 b4 44. axb4 axb4 45. Kf2 b3 46. Qb2 Rb5 47.
Rc1 Qa7+ 48. Ke1 Rb7 49. Kd2 Qa5+ 50. Kd1 Qb4 51. Rb1 Qb6 52. Kd2 Qa5+ 53. Qc3
Qa4 54. e3 Qb5 55. Qc4 Qb6 56. Rb2 Qa5+ 57. Qc3 Qd5 58. e4 Qb5 59. Qc4 Qa5+ 60.
Qc3 Qb6 61. Kd1 Qg1+ 62. Qe1 Qd4 63. Qd2 Kg6 64. h3 Rb5 65. Qe2 Ra5 66. Kc1
Ra1+ 67. Rb1 Qc3+ 0-1

[Event "C.to Provinciale Torino"]
[Site "Torino ITA"]
[Date "2015.01.29"]
[Round "1"]
[White "Gussone, Claudio"]
[Black "Ragni, Paolo"]
[WhiteElo "1753"]
[BlackElo "2134"]
[Result "1/2-1/2"]
[PlyCount "128"]
[EventDate "2015.01.29"]

1. d4 Nf6 2. c4 e6 3. Nf3 b6 4. g3 Bb7 5. Bg2 Bb4+ 6. Bd2 Be7 7. Nc3 O-O 8. O-O
c5 9. Qc2 cxd4 10. Nxd4 Bxg2 11. Kxg2 Nc6 12. Nxc6 dxc6 13. Bf4 Qc8 14. Rfd1
Rd8 15. Rxd8+ Qxd8 16. Rd1 Qe8 17. e4 Rd8 18. f3 Rxd1 19. Qxd1 Qd8 20. Qxd8+
Bxd8 21. Ne2 c5 22. Bd6 Ne8 23. Bf4 Kf8 24. Nc3 a6 25. b3 Ke7 26. e5 Kd7 27. h4
f6 28. Ne4 f5 29. Nc3 Bc7 30. g4 g6 31. Bg3 Kc6 32. Kf2 b5 33. Ke3 Ba5 34. Nb1
Bd8 35. Nc3 Nc7 36. Bf2 Na8 37. Kd3 Nb6 38. Bg3 Nd7 39. gxf5 gxf5 40. h5 Bc7
41. f4 Ba5 42. Nd1 Nb6 43. Nb2 Bb4 44. Nd1 bxc4+ 45. bxc4 Na4 46. Bh4 Ba5 47.
Bg5 Be1 48. Ke2 Bc3 49. Kd3 Bd4 50. Bh4 Nb2+ 51. Nxb2 Bxb2 52. Kc2 Bd4 53. Bg5
Bf2 54. Kb3 Be3 55. Ka4 Bd2 56. Bh6 Kd7 57. Kb3 Ke8 58. Ka3 Kf7 59. Ka4 Bb4 60.
Kb3 Be1 61. Ka4 Bd2 62. Kb3 Ke8 63. Ka4 Kd7 64. Bg5 Kc6 1/2-1/2

[Event "C.to Provinciale Torino"]
[Site "Torino ITA"]
[Date "2015.01.29"]
[Round "1"]
[White "Longo, Enrico"]
[Black "Peruffo, Giovanni"]
[WhiteElo "1777"]
[BlackElo "1520"]
[Result "1-0"]
[PlyCount "61"]
[EventDate "2015.01.29"]

1. Nf3 e6 2. d4 d5 3. c4 c6 4. Nc3 Nf6 5. e3 Bb4 6. a3 Be7 7. Bd3 Nbd7 8. O-O
Bd6 9. b3 b6 10. Re1 O-O 11. Bb2 Qc7 12. h3 c5 13. Nb5 Qc6 14. Nxd6 Qxd6 15.
Qc2 Ne8 16. Bxh7+ Kh8 17. Bd3 f5 18. cxd5 Bb7 19. Ne5 Nxe5 20. dxe5 Qxd5 21. f3
Rc8 22. Rad1 Qc6 23. a4 Nc7 24. Bc4 Rcd8 25. Qf2 g6 26. Rxd8 Rxd8 27. Qh4+ Kg8
28. Qxd8+ Kh7 29. Rd1 Kh6 30. Qh8+ Kg5 31. f4# 1-0

[Event "C.to Provinciale Torino"]
[Site "Torino ITA"]
[Date "2015.01.29"]
[Round "1"]
[White "Malano, Francesco"]
[Black "Liviabella, Lucio"]
[WhiteElo "1901"]
[BlackElo "1609"]
[Result "0-1"]
[PlyCount "80"]
[EventDate "2015.01.29"]

1. d4 Nf6 2. c4 g6 3. Nc3 Bg7 4. e4 d6 5. f3 O-O 6. Bg5 Nbd7 7. Qd2 Re8 8. h4
h5 9. Nh3 e5 10. d5 Nf8 11. Be2 N8h7 12. Be3 Bxh3 13. Rxh3 Qd7 14. O-O-O a6 15.
Rhh1 Kh8 16. Rdg1 Ng8 17. g4 Nhf6 18. Kb1 c6 19. Qd1 c5 20. Bf1 Rab8 21. Bh3
Qc7 22. Bf1 Qd7 23. Qe2 b6 24. Bg5 Rb7 25. Bh3 Qc7 26. Rh2 Reb8 27. a4 Qe7 28.
gxh5 Qe8 29. hxg6 fxg6 30. Rhg2 Nh5 31. Be6 b5 32. axb5 Nf4 33. Bxf4 exf4 34.
Rxg6 Nf6 35. Rxf6 Bxf6 36. Rg8+ Qxg8 37. Bxg8 Rxg8 38. Qd2 Be5 39. bxa6 Rb3 40.
a7 Bxc3 0-1

[Event "C.to Provinciale Torino"]
[Site "Torino ITA"]
[Date "2015.02.05"]
[Round "2"]
[White "Baruffa, Marino"]
[Black "Fassio, Francesco"]
[WhiteElo "1889"]
[BlackElo "1690"]
[Result "1-0"]
[PlyCount "99"]
[EventDate "2015.01.29"]

1. c4 c5 2. Nc3 Nc6 3. g3 g6 4. Bg2 Bg7 5. Nf3 Nf6 6. e4 O-O 7. a3 a6 8. O-O
Rb8 9. d3 d6 10. h3 b5 11. Re1 b4 12. Nd5 e6 13. Nxf6+ Bxf6 14. a4 Bg7 15. Rb1
b3 16. Be3 Qa5 17. Bd2 Qc7 18. Bc3 Nd4 19. Nxd4 cxd4 20. Bd2 e5 21. Ra1 a5 22.
Ra3 Bd7 23. Rf1 Rb7 24. Qe2 Rc8 25. Rfa1 Bc6 26. Qe1 Ra8 27. Bf3 f5 28. Bd1
fxe4 29. dxe4 Qb8 30. Bxa5 Bxe4 31. Bd2 Bc2 32. Bf3 Bf8 33. Bxb7 Qxb7 34. a5
Qf3 35. Kh2 Be4 36. Qg1 Qd3 37. Qd1 Qxc4 38. Qxb3 d5 39. Qxc4 dxc4 40. Ra4 Bd5
41. a6 Bd6 42. Ra5 Bc6 43. a7 Bc7 44. Rc5 Bb6 45. Rxc6 Bxa7 46. Rca6 Rf8 47.
Kg2 Bc5 48. Bh6 Rf5 49. Rc6 e4 50. Rc7 1-0

[Event "C.to Provinciale Torino"]
[Site "Torino ITA"]
[Date "2015.02.05"]
[Round "2"]
[White "Di Chiara, Mauro"]
[Black "Longo, Enrico"]
[WhiteElo "1976"]
[BlackElo "1777"]
[Result "1-0"]
[PlyCount "87"]
[EventDate "2015.01.29"]

1. Nf3 Nf6 2. c4 c5 3. Nc3 Nc6 4. d4 cxd4 5. Nxd4 e6 6. g3 Bc5 7. Nb3 Bb4 8.
Bg2 O-O 9. O-O Bxc3 10. bxc3 Qc7 11. Ba3 Re8 12. Bd6 Qd8 13. Rb1 Na5 14. Nxa5
Qxa5 15. Qd3 Qa6 16. Rb3 e5 17. Ra3 Qb6 18. Rb1 Qd8 19. c5 e4 20. Qd4 a5 21.
Rab3 Ra6 22. e3 h5 23. Bf1 Ra8 24. Be5 h4 25. Rb6 hxg3 26. hxg3 Nh5 27. Be2 Qg5
28. Bxh5 Qxe5 29. Bg4 Qg5 30. Bh3 Re5 31. R1b5 d6 32. Bxc8 Rxc8 33. Rxd6 Rcxc5
34. Rxc5 Rxc5 35. Rd8+ Kh7 36. Qxe4+ f5 37. Qe8 Rc6 38. Qg8+ Kg6 39. Rd7 Qf6
40. Qe8+ Kh6 41. Rxb7 Rxc3 42. Qb5 Rc1+ 43. Kg2 Qe6 44. Rb6 1-0

[Event "C.to Provinciale Torino"]
[Site "Torino ITA"]
[Date "2015.02.05"]
[Round "2"]
[White "Leoni, Alessandro"]
[Black "Faraoni, Enrico"]
[WhiteElo "1908"]
[BlackElo "2093"]
[Result "1/2-1/2"]
[PlyCount "69"]
[EventDate "2015.01.29"]

1. e4 e6 2. d4 d5 3. Nc3 Bb4 4. e5 c5 5. Qg4 Ne7 6. Nf3 Nbc6 7. dxc5 Bxc3+ 8.
bxc3 Qa5 9. Bd2 O-O 10. Bd3 f5 11. exf6 Rxf6 12. Qh5 g6 13. Qh4 Rxf3 14. gxf3
Bd7 15. O-O Rf8 16. Rab1 Qxc5 17. Qg3 e5 18. Rb5 Qd6 19. Rxb7 Bc8 20. Rbb1 Nf5
21. Bxf5 Rxf5 22. Be3 Qf6 23. Kg2 d4 24. cxd4 exd4 25. Bd2 Be6 26. Rb7 Bd5 27.
Re1 Ne5 28. Rb8+ Kg7 29. Re8 Rxf3 30. Qxe5 Rxf2+ 31. Kg3 Rf3+ 32. Kg2 Rf2+ 33.
Kg3 Rf3+ 34. Kg2 Rf2+ 35. Kg3 1/2-1/2

[Event "C.to Provinciale Torino"]
[Site "Torino ITA"]
[Date "2015.02.05"]
[Round "2"]
[White "Liviabella, Lucio"]
[Black "Castelli, Giovanni J."]
[WhiteElo "1609"]
[BlackElo "1950"]
[Result "0-1"]
[PlyCount "56"]
[EventDate "2015.01.29"]

1. Nf3 d5 2. e3 Nf6 3. c4 dxc4 4. Bxc4 e6 5. O-O c5 6. a3 Nc6 7. Nc3 a6 8. Ba2
Be7 9. h3 O-O 10. Ne2 e5 11. d3 h6 12. e4 Re8 13. Ng3 Bf8 14. Be3 Qd6 15. Rc1
b6 16. Qd2 Bd7 17. Nh4 Rad8 18. Ng6 Nxe4 19. Nxe4 Qxg6 20. Ng3 Be6 21. Bb1 f5
22. Ne2 f4 23. Bxf4 exf4 24. Nxf4 Qg5 25. Rc2 Bb3 26. Rc3 Nd4 27. Qc1 Bd5 28.
Nxd5 Ne2+ 0-1

[Event "C.to Provinciale Torino"]
[Site "Torino ITA"]
[Date "2015.02.05"]
[Round "2"]
[White "Manni, Stefano"]
[Black "Gussone, Claudio"]
[WhiteElo "2043"]
[BlackElo "1753"]
[Result "1-0"]
[PlyCount "37"]
[EventDate "2015.01.29"]

1. e4 d6 2. d4 Nf6 3. Nc3 g6 4. Be3 Bg7 5. h3 O-O 6. Nf3 c6 7. a4 Nbd7 8. Be2
e5 9. dxe5 dxe5 10. Nd2 Qe7 11. Nc4 Rd8 12. Qd6 Bf8 13. Qc7 Ne8 14. Qa5 Qf6 15.
Rd1 Nd6 16. Nxd6 b6 17. Qb4 c5 18. Qb5 Bxd6 19. Qc6 1-0

[Event "C.to Provinciale Torino"]
[Site "Torino ITA"]
[Date "2015.02.05"]
[Round "2"]
[White "Peruffo, Giovanni"]
[Black "Parisi, Gianmario"]
[WhiteElo "1520"]
[BlackElo "1843"]
[Result "0-1"]
[PlyCount "28"]
[EventDate "2015.01.29"]

1. d4 e6 2. c4 f5 3. g3 Nf6 4. Bg2 d5 5. b3 c6 6. Nf3 Be7 7. O-O O-O 8. Ne5
Nbd7 9. Nd2 Nxe5 10. dxe5 Ne4 11. Bb2 Qe8 12. f3 Bc5+ 13. Kh1 Nxg3+ 14. hxg3
Qh5+ 0-1

[Event "C.to Provinciale Torino"]
[Site "Torino ITA"]
[Date "2015.02.05"]
[Round "2"]
[White "Plenzick, Angelo"]
[Black "D'india, Bruno"]
[WhiteElo "1725"]
[BlackElo "1652"]
[Result "1-0"]
[PlyCount "79"]
[EventDate "2015.01.29"]

1. f4 Nf6 2. Nf3 Nc6 3. e3 e6 4. b3 b6 5. Bb2 Bb7 6. g3 d6 7. Bg2 Qd7 8. O-O
Be7 9. Re1 h6 10. c4 O-O-O 11. Nc3 g5 12. fxg5 hxg5 13. Nxg5 Rdg8 14. Nce4 Nxe4
15. Nxf7 Bf6 16. Bxf6 Rxh2 17. Kxh2 Nxf6 18. Rf1 Qxf7 19. Qf3 Ng4+ 20. Qxg4
Qh7+ 21. Qh3 Qg7 22. Qxe6+ Kb8 23. g4 Nd8 24. Qf5 Bc8 25. Qf3 Nb7 26. d4 d5 27.
Bh3 Rh8 28. Rg1 Nd6 29. cxd5 Nf7 30. Rg3 Ng5 31. Qf4 Rf8 32. Qe5 Nf3+ 33. Rxf3
Qxe5+ 34. dxe5 Rxf3 35. Re1 Rf8 36. Kg3 Bb7 37. e4 Re8 38. e6 c6 39. Rd1 Kc8
40. g5 1-0

[Event "C.to Provinciale Torino"]
[Site "Torino ITA"]
[Date "2015.02.05"]
[Round "2"]
[White "Ragni, Paolo"]
[Black "De Renzi, Giuseppe"]
[WhiteElo "2134"]
[BlackElo "1571"]
[Result "1-0"]
[PlyCount "85"]
[EventDate "2015.01.29"]

1. d4 Nf6 2. c4 g6 3. Nc3 Bg7 4. e4 d6 5. Nf3 Bg4 6. Be2 c5 7. d5 O-O 8. Nd2
Bxe2 9. Qxe2 Na6 10. O-O Nc7 11. f4 Nd7 12. Nf3 e5 13. f5 a6 14. Bg5 Nf6 15. a4
Qd7 16. Nd2 Rab8 17. Rf2 b5 18. axb5 axb5 19. Ra7 Ra8 20. Rxa8 Rxa8 21. fxg6
Nce8 22. gxf7+ Qxf7 23. Nxb5 Qg6 24. Rf5 Ra2 25. Nf1 Ra1 26. Nc3 h6 27. Bd2 Bf8
28. h3 Ng7 29. Rf3 Ngh5 30. Kh2 Ra7 31. Ng3 Rg7 32. Nf5 Rf7 33. Qf2 Nh7 34. g4
N5f6 35. Qg2 Ng5 36. Rg3 Rb7 37. Bc1 Rb4 38. Qe2 Nd7 39. h4 Nh7 40. g5 h5 41.
Nb5 Nb6 42. b3 Nxc4 43. bxc4 1-0

[Event "C.to Provinciale Torino"]
[Site "Torino ITA"]
[Date "2015.02.05"]
[Round "2"]
[White "Teofilatto, Stefano"]
[Black "Malano, Francesco"]
[WhiteElo "1669"]
[BlackElo "1901"]
[Result "1/2-1/2"]
[PlyCount "128"]
[EventDate "2015.01.29"]

1. d4 d5 2. Nf3 c6 3. Bf4 Qb6 4. Qc1 Bf5 5. c3 e6 6. Nbd2 Be7 7. Ne5 Nf6 8. e3
O-O 9. Be2 Nbd7 10. g4 Bg6 11. g5 Nxe5 12. gxf6 Bxf6 13. Bxe5 Be7 14. Nf3 c5
15. dxc5 Bxc5 16. Bd4 f6 17. Bxc5 Qxc5 18. Qd2 e5 19. Rc1 b5 20. Bd1 Be4 21.
Rg1 Rac8 22. b4 Qc6 23. Qe2 Kh8 24. Kf1 Rfd8 25. Nd2 d4 26. exd4 Bd5 27. Qg4 g6
28. Bf3 exd4 29. Bxd5 Qxd5 30. Nb3 f5 31. Qg5 d3 32. Qf6+ Kg8 33. Nc5 d2 34.
Rxg6+ hxg6 35. Qxg6+ Kf8 36. Rd1 Qc4+ 37. Kg1 Rxc5 38. bxc5 Qxc5 39. Qh6+ Kf7
40. Rxd2 Rg8+ 41. Kf1 Qc4+ 42. Re2 f4 43. Qh5+ Kf6 44. Qe5+ Kf7 45. f3 Rc8 46.
Kg1 Qc5+ 47. Qxc5 Rxc5 48. Rc2 b4 49. c4 a5 50. Kf2 Rh5 51. Kg2 Ke6 52. c5 Kd5
53. c6 Rh8 54. c7 Rc8 55. Kf2 a4 56. Ke2 b3 57. axb3 axb3 58. Rc3 b2 59. Rb3
b1=Q 60. Rxb1 Rxc7 61. Kd3 Re7 62. Rb5+ Kc6 63. Rf5 Re3+ 64. Kc4 Rxf3 1/2-1/2

[Event "C.to Provinciale Torino"]
[Site "Torino ITA"]
[Date "2015.02.12"]
[Round "3"]
[White "Baruffa, Marino"]
[Black "Leoni, Alessandro"]
[WhiteElo "1889"]
[BlackElo "1908"]
[Result "0-1"]
[PlyCount "36"]
[EventDate "2015.01.29"]

1. c4 g6 2. Nc3 Bg7 3. d4 Nf6 4. e4 O-O 5. e5 Ne8 6. f4 d6 7. Nf3 c5 8. dxc5
Nc6 9. cxd6 exd6 10. b3 Qa5 11. Bd2 dxe5 12. fxe5 Nxe5 13. Rc1 Bg4 14. Nd5 Qd8
15. Bb4 Nd6 16. Ne3 Re8 17. Nxg4 Nd3+ 18. Kd2 Ne4+ 0-1

[Event "C.to Provinciale Torino"]
[Site "Torino ITA"]
[Date "2015.02.12"]
[Round "3"]
[White "Castelli, Giovanni J."]
[Black "Di Chiara, Mauro"]
[WhiteElo "1950"]
[BlackElo "1976"]
[Result "1/2-1/2"]
[PlyCount "88"]
[EventDate "2015.01.29"]

1. e4 g6 2. d4 Bg7 3. Nc3 d6 4. Be3 a6 5. a4 Nd7 6. Nf3 e5 7. Be2 Ngf6 8. h3
O-O 9. O-O exd4 10. Bxd4 b6 11. e5 dxe5 12. Nxe5 Nxe5 13. Bxe5 Bb7 14. Qxd8
Rfxd8 15. Rfd1 Rac8 16. Rxd8+ Rxd8 17. Bxc7 Rd4 18. a5 b5 19. Bd3 Ne8 20. Bg3
Rb4 21. Ra2 Bxc3 22. bxc3 Ra4 23. Rxa4 bxa4 24. Bc4 Nf6 25. Be5 Nd7 26. Bf4 Nc5
27. f3 Bc8 28. Bc1 Bf5 29. Ba3 Nb7 30. Bb4 Bxc2 31. Bxa6 a3 32. Bc4 Nxa5 33.
Bxa5 Bb1 34. Bb4 a2 35. Bxa2 Bxa2 36. Be7 f5 37. Kf2 Kf7 38. Bc5 Ke6 39. Ke3
Bc4 40. h4 Bf1 41. g3 Kd5 42. Bd4 Bc4 43. f4 Ke6 44. Bg7 Bb5 1/2-1/2

[Event "C.to Provinciale Torino"]
[Site "Torino ITA"]
[Date "2015.02.12"]
[Round "3"]
[White "D'india, Bruno"]
[Black "Peruffo, Giovanni"]
[WhiteElo "1652"]
[BlackElo "1520"]
[Result "1-0"]
[PlyCount "69"]
[EventDate "2015.01.29"]

1. d4 d5 2. Nf3 Nc6 3. e3 Nf6 4. c4 b6 5. Nc3 e6 6. a3 Be7 7. Bd3 Nd7 8. cxd5
exd5 9. Nxd5 O-O 10. Qc2 g6 11. Qxc6 Rb8 12. Nxe7+ Qxe7 13. Bd2 Bb7 14. Qxc7
Bxf3 15. gxf3 a5 16. Bb5 Rfd8 17. Bxd7 Rdc8 18. Qxc8+ Rxc8 19. Bxc8 Qc7 20. Rc1
Qe7 21. Ke2 h5 22. Ba6 Qa7 23. Bd3 a4 24. Bb5 Kg7 25. Rc4 Kh7 26. Rxa4 Qc7 27.
Rc4 Qe7 28. e4 h4 29. d5 h3 30. Rg1 Qd6 31. Rg3 Qe7 32. Rxh3+ Kg8 33. Bc3 f5
34. Rh8+ Kf7 35. Rh7+ 1-0

[Event "C.to Provinciale Torino"]
[Site "Torino ITA"]
[Date "2015.02.12"]
[Round "3"]
[White "De Renzi, Giuseppe"]
[Black "Manni, Stefano"]
[WhiteElo "1571"]
[BlackElo "2043"]
[Result "0-1"]
[PlyCount "38"]
[EventDate "2015.01.29"]

1. Nf3 c5 2. g3 Nc6 3. Bg2 e5 4. d3 d5 5. O-O Be7 6. Nbd2 Nf6 7. b3 O-O 8. Bb2
e4 9. dxe4 dxe4 10. Ne5 Nxe5 11. Bxe5 e3 12. Nc4 exf2+ 13. Rxf2 Ng4 14. Rf3
Nxe5 15. Nxe5 Bf6 16. Rd3 Qe8 17. Nd7 Bxd7 18. Rxd7 Bxa1 19. Bxb7 Bd4+ 0-1

[Event "C.to Provinciale Torino"]
[Site "Torino ITA"]
[Date "2015.02.12"]
[Round "3"]
[White "Faraoni, Enrico"]
[Black "Ragni, Paolo"]
[WhiteElo "2093"]
[BlackElo "2134"]
[Result "1-0"]
[PlyCount "101"]
[EventDate "2015.01.29"]

1. g3 Nf6 2. Bg2 e5 3. d3 Nc6 4. Nf3 Bc5 5. O-O O-O 6. Nxe5 Nxe5 7. d4 Bb6 8.
dxe5 Ng4 9. b3 Nxe5 10. Bb2 Re8 11. Nd2 c6 12. Bxe5 Rxe5 13. Nc4 Re6 14. e4 Bc5
15. Qh5 Qe7 16. Rad1 d6 17. Rd3 Bd7 18. Qd1 b5 19. Nd2 Rh6 20. c3 a5 21. Kh1
Re8 22. f4 Qf6 23. g4 Qh4 24. Rh3 Qxg4 25. Qxg4 Bxg4 26. Rxh6 gxh6 27. e5 d5
28. Nf3 Bf8 29. h3 Bh5 30. Rg1 Be7 31. Nd4 Kf8 32. Nxc6 Bc5 33. Bxd5 Bxg1 34.
Kxg1 Rc8 35. Kf2 a4 36. bxa4 bxa4 37. f5 Bd1 38. Ke3 Bc2 39. Kf4 Bb1 40. a3 Bc2
41. e6 fxe6 42. fxe6 Bb3 43. Ke5 h5 44. h4 Bxd5 45. Kxd5 Ke8 46. Kd6 Ra8 47. c4
h6 48. c5 Rc8 49. e7 Kf7 50. Kd7 Ra8 51. Nd8+ 1-0

[Event "C.to Provinciale Torino"]
[Site "Torino ITA"]
[Date "2015.02.12"]
[Round "3"]
[White "Gussone, Claudio"]
[Black "Teofilatto, Stefano"]
[WhiteElo "1753"]
[BlackElo "1669"]
[Result "1-0"]
[PlyCount "69"]
[EventDate "2015.01.29"]

1. d4 d6 2. Nf3 g6 3. e4 Bg7 4. Nc3 Bg4 5. Be2 Nc6 6. Be3 Bxf3 7. Bxf3 e5 8. d5
Nd4 9. Be2 Nxe2 10. Qxe2 Nf6 11. O-O-O O-O 12. g4 Qd7 13. f3 a6 14. h4 h5 15.
Rdg1 b5 16. Qg2 b4 17. Ne2 Qa4 18. Kb1 Rfc8 19. Ng3 hxg4 20. h5 gxf3 21. Qxf3
Qd7 22. hxg6 fxg6 23. Nf1 Qf7 24. Qg2 c5 25. Bh6 Ra7 26. Ne3 Rcc7 27. Qxg6 Qxg6
28. Rxg6 Nxe4 29. Rhg1 Kh7 30. Nf5 Rf7 31. Nxg7 Rxg7 32. Bxg7 Rf7 33. Rh6+ Kg8
34. Bf6+ Kf8 35. Rh8# 1-0

[Event "C.to Provinciale Torino"]
[Site "Torino ITA"]
[Date "2015.02.12"]
[Round "3"]
[White "Longo, Enrico"]
[Black "Liviabella, Lucio"]
[WhiteElo "1777"]
[BlackElo "1609"]
[Result "1-0"]
[PlyCount "75"]
[EventDate "2015.01.29"]

1. c4 c5 2. g3 Nf6 3. Bg2 d6 4. Nc3 Nc6 5. d3 g6 6. e4 Bg7 7. Nge2 O-O 8. Bg5
Bg4 9. f3 Bd7 10. Qd2 Ne5 11. O-O Qc8 12. Rac1 Bh3 13. Nd5 Nxd5 14. cxd5 Bxg2
15. Kxg2 f6 16. Be3 b6 17. d4 Nf7 18. dxc5 bxc5 19. h4 a5 20. h5 g5 21. Nd4 Nd8
22. Nf5 Rf7 23. f4 h6 24. b3 Qd7 25. Rc4 Kh7 26. Rfc1 Nb7 27. Qc2 Bf8 28. e5 e6
29. dxe6 Qc6+ 30. Kf2 Kg8 31. exf7+ Kxf7 32. e6+ Kxe6 33. Nd4+ cxd4 34. Rxc6
dxe3+ 35. Kxe3 gxf4+ 36. Kxf4 Nd8 37. Qf5+ Ke7 38. Rc7+ 1-0

[Event "C.to Provinciale Torino"]
[Site "Torino ITA"]
[Date "2015.02.12"]
[Round "3"]
[White "Malano, Francesco"]
[Black "Fassio, Francesco"]
[WhiteElo "1901"]
[BlackElo "1690"]
[Result "1-0"]
[PlyCount "57"]
[EventDate "2015.01.29"]

1. b3 d5 2. Bb2 c5 3. e3 Nc6 4. Nf3 Bg4 5. Bb5 e6 6. h3 Bxf3 7. Qxf3 a6 8.
Bxc6+ bxc6 9. O-O Ne7 10. d3 Qc7 11. Nd2 Ng6 12. e4 d4 13. g3 Be7 14. Qg2 e5
15. Nc4 O-O 16. Bc1 f5 17. exf5 Rxf5 18. Bd2 a5 19. a4 Bg5 20. Qe4 Ne7 21. g4
Bxd2 22. gxf5 Bf4 23. Rae1 Rf8 24. Nxe5 Rxf5 25. Ng4 Rf7 26. Qe6 Kf8 27. Re4 h5
28. Ne5 Rf6 29. Nd7+ 1-0

[Event "C.to Provinciale Torino"]
[Site "Torino ITA"]
[Date "2015.02.12"]
[Round "3"]
[White "Parisi, Gianmario"]
[Black "Plenzick, Angelo"]
[WhiteElo "1843"]
[BlackElo "1725"]
[Result "0-1"]
[PlyCount "54"]
[EventDate "2015.01.29"]

1. e4 c6 2. d4 d5 3. e5 Bf5 4. Nd2 e6 5. Nb3 Nd7 6. Nf3 Ne7 7. Be2 h6 8. O-O
Qb6 9. Be3 Rc8 10. c4 dxc4 11. d5 Qd8 12. dxe6 Bxe6 13. Nbd4 Bd5 14. Qc2 Ng6
15. e6 Nde5 16. exf7+ Bxf7 17. Rad1 Qf6 18. Nxe5 Nxe5 19. Rfe1 Bb4 20. Rf1 O-O
21. f4 Nd3 22. Bxd3 cxd3 23. Qxd3 Rcd8 24. Qe2 Rfe8 25. Qf2 Bc5 26. Ne2 Rxd1
27. Rxd1 Qe7 0-1

[Event "C.to Provinciale Torino"]
[Site "Torino ITA"]
[Date "2015.02.19"]
[Round "4"]
[White "Di Chiara, Mauro"]
[Black "Faraoni, Enrico"]
[WhiteElo "1976"]
[BlackElo "2093"]
[Result "1/2-1/2"]
[PlyCount "63"]
[EventDate "2015.01.29"]

1. Nf3 f5 2. d4 Nf6 3. c4 d6 4. Nc3 g6 5. g3 Bg7 6. Bg2 O-O 7. d5 Na6 8. O-O e5
9. dxe6 c6 10. Bf4 Bxe6 11. Bxd6 Bxc4 12. Ne5 Be6 13. Nxc6 bxc6 14. Bxc6 Rf7
15. Bxa8 Qxa8 16. Qa4 Nc7 17. Rfd1 Ncd5 18. Qa5 Nxc3 19. bxc3 Nd5 20. Rab1 Rb7
21. Rxb7 Qxb7 22. Qd8+ Kf7 23. Bb4 Nxb4 24. cxb4 Qxb4 25. Rc1 Be5 26. Qd3 Qd6
27. Qxd6 Bxd6 28. Rb1 Bd5 29. Rb5 Bxa2 30. Rb7+ Kf6 31. Rxa7 Bc4 32. Kf1
1/2-1/2